La democracia en Amřica Latina un modelo en crisis /

Detalles Bibliográficos
Autor principal: Pabn̤ Arrieta, Juan Antonio
Formato: eBook
Lenguaje:español
Publicado: Barcelona: J.M. Bosch Editor, 2019
Materias:
Acceso en línea:Acceso restringido

MARC

LEADER 00000nam a22000007a 4500
005 20190402221214.0
008 190402s2019 es |||||s|||| 00||0 spa d
020 |a 978-84-949775-1-0 
035 |a 23232 
040 |a vLex 
090 |c 8541  |d 8541 
100 1 |a Pabn̤ Arrieta, Juan Antonio 
245 1 2 |a La democracia en Amřica Latina  |h [Recurso electrn̤ico] :  |b un modelo en crisis /  |c Juan Antonio Pabn̤ Arrieta 
256 |a Servicio en ln̕ea 
260 |a Barcelona:  |b J.M. Bosch Editor,  |c 2019 
300 |a 1 recurso electrn̤ico 
506 1 |a Disponible solo en los productos indicados  |d vLex Global  |d vLex Global (Academic Edition, excluding Law Schools)  |d vLex Global (U.S. Academic Edition, Law Schools)  |d vLex Global (U.S. Academic Edition, excluding Law Schools)  |d vLex Global (Academic Edition, Law Schools) 
650 0 4 |a Derecho Constitucional  |z Espaą 
740 0 |a vLex Libros (Servicio en ln̕ea) 
856 4 0 |u http://vlex.com/source/democracia-america-latina-modelo-crisis-23232  |z Acceso restringido 
942 |c BOOK 
999 0 |a Constitutional right